Sannyasa darshan: a treatise on traditional and contemporary sannyasa (Record no. 1235321)

MARC details
000 -LEADER
fixed length control field 00648nam a2200217Ia 4500
005 - DATE AND TIME OF LATEST TRANSACTION
control field 20250108125008.0
008 - FIXED-LENGTH DATA ELEMENTS--GENERAL INFORMATION
fixed length control field 008 250107s9999 xx 000 0 eng d
037 ## - SOURCE OF ACQUISITION
Stock number TB
040 ## - CATALOGING SOURCE
Original cataloging agency CRL
Language of cataloging eng
Transcribing agency CRL
041 ## - LANGUAGE CODE
Language code of text/sound track or separate title eng
Source of code eng
084 ## - COLON CLASSIFICATION NUMBER
Classification number Q2:45:(X:8) Q0
084 ## - COLON CLASSIFICATION NUMBER
Assigning agency CRL
100 ## - MAIN ENTRY--PERSONAL NAME
Personal name Saraswati Niranjanananda Au.
245 #0 - TITLE STATEMENT
Title Sannyasa darshan: a treatise on traditional and contemporary sannyasa
Statement of responsibility, etc. Saraswati Niranjanananda Au.
260 ## - PUBLICATION, DISTRIBUTION, ETC.
Place of publication, distribution, etc. Bihar, India
Name of publisher, distributor, etc. Yoga Publications Trust
Date of publication, distribution, etc. 2933
300 ## - PHYSICAL DESCRIPTION
Extent xii,466p.
365 ## - TRADE PRICE
Price type code INR
Price amount 395
650 ## - SUBJECT ADDED ENTRY--TOPICAL TERM
Topical term or geographic name entry element SPIRITUALISM
942 ## - ADDED ENTRY ELEMENTS (KOHA)
Koha item type Textbook
Classification part Q2:45:(X:8) Q0
Holdings
Withdrawn status Lost status Damaged status Not for loan Home library Current library Date acquired Source of acquisition Cost, normal purchase price Total Checkouts Full call number Barcode Date last seen Price effective from Koha item type
        Central Library Central Library 2025-01-08 Gift, 10/10/2023, 395.00   Delta2 P8 CL1698931 2025-01-08 2025-01-08 Textbook
Copyright @ Delhi University Library System